| 000 | 00716nam a22002415a 4500 | ||
|---|---|---|---|
| 003 | EG-ScBUE | ||
| 005 | 20221004094211.0 | ||
| 008 | 161222t2012 caua f 000 0 eng d | ||
| 020 | _a9781938740008 | ||
| 040 |
_aEG-ScBUE _beng _erda _cEG-ScBUE _dEG-ScBUE |
||
| 082 | 0 | 4 |
_a720.483 _bEVO _222 |
| 245 | 0 | 0 |
_aEvolo skyscrapers / _cedited by Carlo Aiello. |
| 264 | 1 |
_aLos Angeles : _bEvolo, _c[2012] |
|
| 264 | 4 | _cc2012 | |
| 300 |
_a2 volumes : _bcolor illustrations ; _c28 cm |
||
| 505 | 0 | _aVolume 1 -- Volume 2. | |
| 650 | 7 |
_aSkyscrapers _vDesigns and plans. _2BUEsh _931924 |
|
| 651 | _2BUEsh | ||
| 653 |
_bENGARC _cDecember2016 |
||
| 655 | _vReading book | ||
| 700 | 1 |
_aAiello, Carlo, _eeditor. |
|
| 942 |
_2ddc _cBB |
||
| 999 |
_c23712 _d23684 |
||